UM Logo

Comprehensive agrarian reform law (and related laws) / (Record no. 20218)

MARC details
000 -LEADER
fixed length control field 00462nam a22001457a 4500
008 - FIXED-LENGTH DATA ELEMENTS--GENERAL INFORMATION
fixed length control field 240503b ||||| |||| 00| 0 eng d
020 ## - INTERNATIONAL STANDARD BOOK NUMBER
International Standard Book Number 9711604108
082 ## - DEWEY DECIMAL CLASSIFICATION NUMBER
Classification number DFil 346.04409599
Item number C73 2001
245 ## - TITLE STATEMENT
Title Comprehensive agrarian reform law (and related laws) /
250 ## - EDITION STATEMENT
Edition statement First edition.
260 ## - PUBLICATION, DISTRIBUTION, ETC. (IMPRINT)
Place of publication, distribution, etc. Manila :
Name of publisher, distributor, etc. Central Book Supply, Inc.,
Date of publication, distribution, etc. ©2001.
300 ## - PHYSICAL DESCRIPTION
Extent x, 428 pages :
Other physical details illustrations ;
Dimensions 22 cm.
650 ## - SUBJECT ADDED ENTRY--TOPICAL TERM
Topical term or geographic name as entry element Land reform.
9 (RLIN) 57275
942 ## - ADDED ENTRY ELEMENTS (KOHA)
Source of classification or shelving scheme Dewey Decimal Classification
Koha item type Filipiniana
Holdings
Withdrawn status Lost status Source of classification or shelving scheme Damaged status Not for loan Collection code Home library Current library Date acquired Source of acquisition Total Checkouts Full call number Barcode Date last seen Price effective from Koha item type
    Dewey Decimal Classification     Filipiniana UM Digos College - LIC UM Digos College - LIC 02/18/2004 Purchased   DFil 346.04409599 C73 2001 16739 05/03/2024 05/03/2024 Filipiniana